Časové limity premlčania výberu daní
Zákon č. 511/1992 Zb. o správe daní a poplatkov a o zmenách v sústave územných finančných orgánov. Otázka zániku práva vyrubiť daň a premlčania práva vybrať daň. Nezrelosť kontrolného systému. Vyrubenie dane a jej doplatku. Deň vyrubenia dane. Zánik práva vyrubiť daň. Premlčanie práva vybrať a vymáh...
Uložené v:
| Hlavný autor: | |
|---|---|
| Médium: | Kapitola |
| Jazyk: | Slovak |
| Predmet: | |
| Tagy: |
Žiadne tagy, Buďte prvý, kto otaguje tento záznam!
|
MARC
| LEADER | 00000naa a2200000 4500 | ||
|---|---|---|---|
| 001 | r032639 | ||
| 005 | 20230921084040.0 | ||
| 041 | 0 | |a slo | |
| 044 | |a SK | ||
| 245 | 1 | 0 | |a Časové limity premlčania výberu daní |c Emil Burák |
| 520 | |a Zákon č. 511/1992 Zb. o správe daní a poplatkov a o zmenách v sústave územných finančných orgánov. Otázka zániku práva vyrubiť daň a premlčania práva vybrať daň. Nezrelosť kontrolného systému. Vyrubenie dane a jej doplatku. Deň vyrubenia dane. Zánik práva vyrubiť daň. Premlčanie práva vybrať a vymáhať nedoplatok. | ||
| 610 | 2 | 0 | |a dane |
| 610 | 2 | 0 | |a poplatky |
| 610 | 2 | 0 | |a kontrola |
| 610 | 2 | 0 | |a legislatíva |
| 610 | 2 | 0 | |a zákony |
| 610 | 2 | 0 | |a premlčanie |
| 100 | 1 | |a Burák, Emil | |